000 00413nab a2200145Ia 4500
003 ES-SlBCS
005 20210601125233.0
008 140529s1974 xxu||||| |||| 00| 0 eng d
041 _aeng
100 1 _aMiri, Mrinal
_9151380
245 0 0 _aSelf-Deception
_c Mrinal Miri
650 0 4 _aDecepción
_9132781
773 0 _tPhilosophy and Phenomenological Research
_gvol. 34, 1974, págs. 576-585
_wRev1411
942 _cAR
999 _c527015
_d527015